000
00240 a2200097 4500
001
7130
100
_a
Day, W.D
245
_a
Introduction to vector analysis for radio and electronic engineers
260
_a
_b
Iliffe
_c
090
_c
5899
_d
5899
942
_a
NUST-CAE
_c
M
_c
32376
999
_c
242203
_d
242203